LEADER 01808nam 2200445 450 001 9910466671503321 005 20200121081307.0 010 $a2-335-01633-4 035 $a(CKB)3790000000024042 035 $a(EBL)2087274 035 $a(MiAaPQ)EBC2087274 035 $a(Au-PeEL)EBL2087274 035 $a(OCoLC)914148353 035 $a(EXLCZ)993790000000024042 100 $a20200121d2015 uy 0 101 0 $afre 135 $aur|n|---||||| 181 $ctxt$2rdacontent 182 $cc$2rdamedia 183 $acr$2rdacarrier 200 10$aMe?moire contenant le projet d'une pompe publique /$fDenis Diderot 210 1$a[Place of publication not identified] :$cLigaran,$d[2015] 210 4$dİ2015 215 $a1 online resource (8 p.) 225 0 $aLivre nume?rique 300 $aDescription based upon print version of record. 327 $aCouverture; Page de Copyright; Page de titre 330 $a Extrait : ""Un M. Berthier, pre?tre, est l'auteur de ce projet qui n'aura pas lieu, car l'exe?cution de celui de M. Deparcieux, approuve? par l'Acade?mie des sciences, est adopte?e par le gouvernement. Ce M. Berthier montre tre?s-bien les inconve?nients et l'insuffisance de la pompe de Notre-Dame. Il en fait autant de l'ide?e de M. Picard, de l'Acade?mie des sciences, avait eue commencement de ce sie?cle, d'amener la petite rivie?re d'E?tampes a? la place Saint-Michel."" 606 $aPumping machinery 608 $aElectronic books. 615 0$aPumping machinery. 676 $a621.69 700 $aDiderot$b Denis$f1713-1784,$0346081 801 0$bMiAaPQ 801 1$bMiAaPQ 801 2$bMiAaPQ 906 $aBOOK 912 $a9910466671503321 996 $aMe?moire contenant le projet d'une pompe publique$92488584 997 $aUNINA LEADER 01966oam 2200481zu 450 001 996208109503316 005 20210807003520.0 035 $a(CKB)111026746753180 035 $a(SSID)ssj0000436998 035 $a(PQKBManifestationID)12183130 035 $a(PQKBTitleCode)TC0000436998 035 $a(PQKBWorkID)10432205 035 $a(PQKB)11104741 035 $a(EXLCZ)99111026746753180 100 $a20160829d1991 uy 101 0 $aeng 181 $ctxt 182 $cc 183 $acr 200 10$aProceedings of TRI COMM '91 : IEEE Conference on Communications Software, Chapel Hill, North Carolina, April 18-19, 1991 : communications for distributed applications and systems 210 31$a[Place of publication not identified]$cInstitute of Electrical and Electronics Engineers$d1991 300 $aBibliographic Level Mode of Issuance: Monograph 311 $a0-87942-649-7 606 $aCommunications software$xCongresses 606 $aComputer network architectures$xCongresses 606 $aElectronic data processing$xCongresses$xDistributed processing 606 $aElectrical & Computer Engineering$2HILCC 606 $aEngineering & Applied Sciences$2HILCC 606 $aTelecommunications$2HILCC 615 0$aCommunications software$xCongresses 615 0$aComputer network architectures$xCongresses 615 0$aElectronic data processing$xCongresses$xDistributed processing 615 7$aElectrical & Computer Engineering 615 7$aEngineering & Applied Sciences 615 7$aTelecommunications 676 $a004.6 712 02$aInstitute of Electrical and Electronics Engineers 712 12$aTriComm '91 801 0$bPQKB 906 $aBOOK 912 $a996208109503316 996 $aProceedings of TRI COMM '91 : IEEE Conference on Communications Software, Chapel Hill, North Carolina, April 18-19, 1991 : communications for distributed applications and systems$92539557 997 $aUNISA